000 00347nam a2200121Ia 4500
008 220204s9999 xx 000 0 und d
082 _a631.41
_bMAR.2
100 _aMARSHALL, C Edmund
245 0 _aPhysical chemistry and mineralogy of soils. V 2. Soils in place
260 _aNew York
_bJohn Wiley
_c1977
650 _aSoil mineralogy
942 _cBK
999 _c29019
_d29019